| 000 | 00588nam a2200157Ia 4500 | ||
|---|---|---|---|
| 008 | 240729s9999 xx 000 0 und d | ||
| 022 | _a1861-6127 | ||
| 245 | 0 | _aCurrent Objectives of Postgraduate American Studies | |
| 260 | _aGermany | ||
| 260 | _bRegensburg: Current objectives in postgraduate American studies c/o Universität Regensburg/Institut für Anglistik und Amerikanistik | ||
| 650 | _a American literature | ||
| 650 | _aHistory America | Language and Literature | ||
| 856 | _uhttps://doaj.org/toc/44e2978781da4d79bdfc838d806fff45 | ||
| 942 | _2ddc | ||
| 942 | _cDOAJEJ | ||
| 999 |
_c74745 _d74745 |
||
| 945 |
_a1 _bMadushi Gamage _c1 _dMadushi Gamage |
||